La platería civil novohispana y decimonónica en los ajuares domésticos (Record no. 3905)

MARC details
000 -CABECERA
campo de control de longitud fija 00956nam a2200253 a 4500
001 - NÚMERO DE CONTROL
campo de control BRCA_4189
005 - FECHA Y HORA DE LA ÚLTIMA TRANSACCIÓN
campo de control 20190320204558.0
008 - DATOS DE LONGITUD FIJA--INFORMACIÓN GENERAL
campo de control de longitud fija 130510s2010----mx-a######---#000-0#spa-#
041 ## - CÓDIGO DE LENGUA
Código de lengua del texto/banda sonora o título independiente spa
044 ## - CÓDIGO DEL PAÍS DE LA ENTIDAD EDITORA/PRODUCTORA
Código MARC del país mx
050 #4 - SIGNATURA TOPOGRÁFICA DE LA BIBLIOTECA DEL CONGRESO
Número de clasificación NK7114
Número de documento/Ítem .A96 2010
100 1# - ENTRADA PRINCIPAL--NOMBRE DE PERSONA
Nombre de persona Aymes Fernández, Carla
9 (RLIN) 10801
245 10 - MENCIÓN DE TÍTULO
Título La platería civil novohispana y decimonónica en los ajuares domésticos
Resto del título estudio documental 1600-1850.
260 ## - PUBLICACIÓN, DISTRIBUCIÓN, ETC.
Lugar de publicación, distribución, etc. Ciudad de México
Fecha de publicación, distribución, etc. 2010
300 ## - DESCRIPCIÓN FÍSICA
Extensión 188 p.
Otras características físicas il. a color
500 ## - NOTA GENERAL
Nota general Incluye piezas de la colección Franz Mayer: p. 40, 46, 49-55, 58-65, 67-76, 78-80
502 ## - NOTA DE TESIS
Nota de tesis Tesis Maestría (Maestra en Historia del Arte) UNAM, Facultad de Filosofía y Letras
650 14 - PUNTO DE ACCESO ADICIONAL DE MATERIA--TÉRMINO DE MATERIA
Término de materia o nombre geográfico como elemento de entrada Trabajos en plata
Subdivisión cronológica Siglo XVII-XIX
Subdivisión geográfica México
9 (RLIN) 10802
700 1# - PUNTO DE ACCESO ADICIONAL--NOMBRE DE PERSONA
Nombre de persona Curiel, Gustavo
Término indicativo de función/relación Director
9 (RLIN) 2378
700 1# - PUNTO DE ACCESO ADICIONAL--NOMBRE DE PERSONA
Nombre de persona Esteras Martín, Cristina
Término indicativo de función/relación Jurado
9 (RLIN) 10803
700 1# - PUNTO DE ACCESO ADICIONAL--NOMBRE DE PERSONA
Nombre de persona Salazar Simarro, Nuria María Rosa
Término indicativo de función/relación Jurado
9 (RLIN) 10804
902 ## - CATALOGADOR
Iniciales TES
942 ## - ELEMENTOS DE PUNTO DE ACCESO ADICIONAL (KOHA)
Fuente del sistema de clasificación o colocación Library of Congress Classification
Tipo de ítem Koha Tesis
Holdings
Estado de retiro Estado de pérdida Estado dañado No para préstamo Localización permanente Ubicación/localización actual Fecha de adquisición Total de préstamos Signatura topográfica completa Código de barras Fecha visto por última vez Precio válido a partir de Tipo de ítem Koha
El ejemplar forma parte de la colección y puede ser consultado según las políticas vigentes.       Biblioteca del Museo Franz Mayer (Rogerio Casas-Alatriste) Biblioteca del Museo Franz Mayer (Rogerio Casas-Alatriste) 13/05/2010   NK7114 .A96 2010 TES00014 22/03/2019 22/03/2019 Tesis